comparison of different rates fertilizers 15-15-15 on growth garlic in royal university of agriculture ការប្រៀធៀបកម្រិតប្រជាជន១៥ -១៥-១៥លើការដុះលូតលាស់ខ្ទឹមសរនៅសាកលវីទ្យាល័យភូមិន្ទកសិមកម្ម (Record no. 18052)

000 -LEADER
fixed length control field 00726nam a22001337a 4500
040 ## - CATALOGING SOURCE
Transcribing agency RUA
082 ## - DEWEY DECIMAL CLASSIFICATION NUMBER
Classification number AGR OL 2017 B636 Or.1
100 ## - MAIN ENTRY--AUTHOR NAME
Personal name OL SOMEATH អុល សុមាធ
245 ## - TITLE STATEMENT
Title comparison of different rates fertilizers 15-15-15 on growth garlic in royal university of agriculture ការប្រៀធៀបកម្រិតប្រជាជន១៥ -១៥-១៥លើការដុះលូតលាស់ខ្ទឹមសរនៅសាកលវីទ្យាល័យភូមិន្ទកសិមកម្ម
260 ## - PUBLICATION, DISTRIBUTION, ETC. (IMPRINT)
Place of publication RUA
Name of publisher Phnom penh
Year of publication 2017
300 ## - PHYSICAL DESCRIPTION
Number of Pages xi;37p
Other physical details ill;
Dimensions 29cm
856 ## - ELECTRONIC LOCATION AND ACCESS
Uniform Resource Identifier https://drive.google.com/file/d/1wIzfwniqKiZaxTvmKqkM2dShm-I224bB/view?usp=sharing
942 ## - ADDED ENTRY ELEMENTS (KOHA)
Koha item type AGR
952 ## - LOCATION AND ITEM INFORMATION (KOHA)
Withdrawn status [LOCAL, KOHA] 0
952 ## - LOCATION AND ITEM INFORMATION (KOHA)
Withdrawn status [LOCAL, KOHA] 0
952 ## - LOCATION AND ITEM INFORMATION (KOHA)
Withdrawn status [LOCAL, KOHA] 0
952 ## - LOCATION AND ITEM INFORMATION (KOHA)
Withdrawn status [LOCAL, KOHA] 0
952 ## - LOCATION AND ITEM INFORMATION (KOHA)
Withdrawn status [LOCAL, KOHA] 0
952 ## - LOCATION AND ITEM INFORMATION (KOHA)
Withdrawn status [LOCAL, KOHA] 0
Holdings
Permanent Location Date acquired Koha item type Lost status Shelving location Barcode Current Location Full call number
Library Block B2019-07-24AGR B636A45107Library Block BAGR OL 2017 B636 Or.1
Library Block B2019-07-24AGR B636A44807Library Block BAGR OL 2017 B636 Or.2
Library Block B2019-07-24AGR B636A44653Library Block BAGR OL 2017 B636 Or.3
Library Block B2019-07-24AGR B636A44539Library Block BAGR OL 2017 B636 Or.4
Library Block B2019-07-24AGR B636A44942Library Block BAGR OL 2017 B636 Or.5
Library Block B2019-07-24AGR B636A44841Library Block BAGR OL 2017 B636 Or.6
មជ្ឈមណ្ឌលឯការនៃសាកលវិទ្យាល័យភូមិន្ទកសិកម្មចំការដូង

Powered by Koha